Latin Vocab (Int.) 21/11/10 Quiz Stats

 Plays Quiz not verified by Sporcle

Score 0/10 Timer 02:00
0 Plays Today
Latin/English word English/Latin word % Correct
silvawoods, forest
95.5%
tandemfinally, at last
79.5%
vehementerviolently, loudly
79.5%
ubiqueanywhere, everywhere
77.3%
rapio, rapereto seize, grab
75%
Give the Latin root of the word 'tenacious'.teneo, tenere
70.5%
how, thanquam
68.2%
slave dealervenalicius
54.5%
worried, anxioussollicitus
52.3%
quiet, silenttacitus
43.2%

You're not logged in!

Compare scores with friends on all Sporcle quizzes.
OR
Log In

Show Comments

Extras

Top Quizzes Today


Score Distribution

Your Account Isn't Verified!

In order to create a playlist on Sporcle, you need to verify the email address you used during registration. Go to your Sporcle Settings to finish the process.

Report this User

Report this user for behavior that violates our Community Guidelines.

Details: